| 000 | 00467nam a2200145Ia 4500 | ||
|---|---|---|---|
| 041 | _aArabic | ||
| 082 | _a342.567 cut-264 س | ||
| 100 | _a20260118u\\\\\\\\\\\y0engy0103\\\\ba | ||
| 100 | _aحميد الساعدي | ||
| 245 | 0 | _aمبادئ القانون الدستوري وتطور النظام السياسي في العراق | |
| 250 | _aط1 | ||
| 260 |
_bدار الحكمة للطباعة والنشر _aالموصل _c1990 |
||
| 300 | _a248 | ||
| 942 | _cBk | ||
| 999 |
_c190338 _d190338 |
||